| 000 | 01811cam a22003975a 4500 | ||
|---|---|---|---|
| 001 | ocm43186975 | ||
| 003 | EG-ScBUE | ||
| 005 | 20220419111147.0 | ||
| 008 | 991221r20041993enkab f b 001 0 eng d | ||
| 020 | _a0521785707 | ||
| 020 | _a9780521785709 | ||
| 035 | _a(OCoLC)ocm43186975 | ||
| 035 | _a(OCoLC)43186975 | ||
| 040 |
_aUKM _beng _erda _cUKM _dC#P _dCIT _dLVB _dBAKER _dYDXCP _dAU@ _dCNVPL _dDEBBG _dOCLCF _dOCLCQ _dOCLCO _dOCLCQ _dEG-ScBUE |
||
| 082 | 0 | 4 |
_a420 _bBAR _222 |
| 100 | 1 |
_aBarber, Charles Laurence, _eauthor. _940504 |
|
| 245 | 1 | 4 |
_aThe English language : _ba historical introduction / _cCharles Barber, formerly reader in English language and literature, School of English, University of Leeds. |
| 250 | _aSixth printing. | ||
| 264 | 1 |
_aCambridge : _bCambridge University Press, _c2004. |
|
| 300 |
_axi, 299 pages : _billustrations, maps ; _c22 cm |
||
| 336 |
_2rdacontent _atext _btxt |
||
| 337 |
_2rdamedia _aunmediated _bn |
||
| 338 |
_2rdacarrier _avolume _bnc |
||
| 500 | _aOriginally published : 1993. | ||
| 504 | _aIncludes bibliographical references and index. | ||
| 505 | 0 | 0 |
_tWhat is language? -- _tThe flux of language -- _tThe Indo-European languages -- _tThe Germanic languages -- _tOld English -- _tNorsemen and Normans -- _tMiddle English -- _tEarly Modern English -- _tEnglish in the scientific age -- _tEnglish as a world language -- _tEnglish today and tomorrow. |
| 520 | _aIntroduction to the history of the English language, ranging from prehistory to the present day. | ||
| 650 | 7 |
_aEnglish language _xHistory. _2BUEsh |
|
| 650 | 7 |
_aHistorical linguistics. _2BUEsh _939735 |
|
| 650 | 7 |
_aAnglais (Langue) _xHistoire. _2BUEsh |
|
| 650 | 7 |
_aLinguistique historique. _2BUEsh |
|
| 651 | _2BUEsh | ||
| 653 |
_bHHUUEENN _cOctober2018 |
||
| 655 |
_vReading book _934232 |
||
| 942 |
_2ddc _cBB |
||
| 999 |
_c26867 _d26839 |
||